[Event "Landesliga U20 Sued 1718"]
[Site "Bayern"]
[Date "2018.03.10"]
[Round "6.4"]
[White "Russakis, Stylianos"]
[Black "Breuninger, David"]
[Result "0-1"]
[WhiteElo "1169"]
[BlackElo "1256"]
[PlyCount "115"]
[EventDate "2017.11.18"]
[EventType "team-tourn"]
[EventRounds "7"]
[EventCountry "GER"]
[SourceTitle "EXT 2022"]
[Source "ChessBase"]
[SourceDate "2021.10.06"]
[SourceVersion "1"]
[SourceVersionDate "2021.10.06"]
[SourceQuality "1"]
[WhiteTeam "Dorfen PSV U20"]
[BlackTeam "Haar U20"]
[WhiteTeamCountry "GER"]
[BlackTeamCountry "GER"]

1. Nf3 d5 2. g3 Nf6 3. Bg2 Nc6 4. 0-0 e5 5. c4 Bc5 6. a3 a5 7. Nc3 0-0 8. d3 dxc4 9. dxc4 Ng4 10. h3 Bxf2+ 11. Rxf2 Qxd1+ 12. Nxd1 Nxf2 13. Nxf2 f5 14. Be3 f4 15. Bc5 fxg3 16. Ng4 Re8 17. Ng5 Bxg4 18. hxg4 h6 19. Bd5+ Kh8 20. Nf7+ Kh7 21. g5 hxg5 22. Nxg5+ Kh6 23. Be3 Ra6 24. Kg2 Kg6 25. Bf7+ Kf6 26. Rf1+ Ke7 27. Bc5+ Kd7 28. Rd1+ Kc8 29. Be6+ Kb8 30. Kxg3 e4 31. e3 Ne5 32. Bf7 Nxf7 33. Nxf7 Rf6 34. Ne5 Kc8 35. Bd4 Rd6 36. c5 Rd5 37. b4 Rexe5 38. Rh1 Re8 39. b5 b6 40. cxb6 Rxb5 41. bxc7 Kxc7 42. Rc1+ Kd6 43. Kf2 g5 44. Rh1 Rf8+ 45. Ke2 g4 46. Rh6+ Kd5 47. Rg6 Rb3 48. Rxg4 Rxa3 49. Rg5+ Kc4 50. Rc5+ Kb4 51. Rc2 Rf5 52. Bb6 Rh5 53. Rb2+ Rb3 54. Rd2 Rh2+ 55. Kd1 Rxd2+ 56. Kxd2 a4 57. Bd4 a3 58. Kc2 0-1